| 000 | 00692nam a2200193 i 4500 | ||
|---|---|---|---|
| 001 | 25853 | ||
| 003 | ES-MaACL | ||
| 007 | t| | ||
| 008 | 030103s1985 sp ||||1| spa d | ||
| 020 | _a84-313-0894-X | ||
| 100 | 1 |
_aArizmendi, Luis Jesús. _922880 |
|
| 245 | 1 | 0 |
_aCálculo y normativa básica de las instalaciones en los edificios / _cLuis Jesús Arizmendi. |
| 260 |
_aPamplona : _bEUNSA ; _aSan Sebastián : _bColegio Oficial de Arquitectos Vasco-Navarro, Delegación en Guipúzcoa, _c1985. |
||
| 300 |
_a464 p. : _bil. ; _c27 cm. |
||
| 490 | 1 | _aColección Arquitectura | |
| 830 | 0 |
_aColección Arquitectura _9229147 |
|
| 852 |
_aES-MaACL _jL-9449 _bR.111424 |
||
| 999 |
_c25853 _d25853 |
||